| 000 | 00904nam a2200325Ia 4500 | ||
|---|---|---|---|
| 001 | 84637 | ||
| 003 | IT-RoPAU | ||
| 008 | 130308s9999 xx 000 0 und d | ||
| 040 | _aIT-RoPAU | ||
| 040 | _cIT-RoPAU | ||
| 041 | _aINGLESE | ||
| 100 | _aBlack Don | ||
| 100 | _gCodice Aut. SPICS: 29452 | ||
| 245 | _aLast Man in My Life (The) | ||
| 245 | _bAndrew Lloyd Webber Anthology (The) | ||
| 250 | _a1a ed. | ||
| 260 | _aLONDON | ||
| 260 | _bReally Useful Group Plc | ||
| 260 | _c1987 [1° Ed.:1987 - Ed.Ling.Originale:1982] | ||
| 300 | _a"5 p. (prefazione: no ; testo: 5 [pagine: 90-94])" | ||
| 500 | _aTesto di Don Black e Musica di Webber Serie Song And Dance | ||
| 650 | _aAUTORI/OPERE DI MUSICA | ||
| 650 | _eCodice materia Spics: 7007 | ||
| 700 | _aWebber Andrew Lloyd | ||
| 700 | _gCodice Aut. SPICS: 11199 | ||
| 942 | _cBK | ||
| 957 | _71 | ||
| 999 |
_c58798 _d58798 |
||
| 999 | _bSI | ||
| 999 | _g1 | ||